| 000 | 00401nam a2200133Ia 4500 | ||
|---|---|---|---|
| 008 | 231129s1971||||xx |||||||||||||| ||spa|| | ||
| 040 | _bspa | ||
| 082 | _a(EN PROCESO DE DESCARTE) 986.101 R893m | ||
| 100 | _aRozo Gauta Jose | ||
| 245 | 0 | _aLos muiscas : organizacion social y régimen político | |
| 260 | _c1971 | ||
| 264 | _aBogotá (Colombia) : Fondo Editorial Suramericana | ||
| 942 |
_2ddc _cBKS |
||
| 999 |
_c19859 _d19859 |
||